Arnoldi Vinnii ... In quatuor libros institutionum imperialium commentarius academicus et forensis (Record no. 167665)

MARC details
000 -LEADER
campo de control de longitud fija 01290nam a2200313 i 4500
001 - NÚMERO DE CONTROL
campo de control 167665
003 - IDENTIFICADOR DE NÚMERO DE CONTROL
campo de control ES-MaACL
005 - FECHA Y HORA DE LA ÚLTIMA TRANSACCIÓN
campo de control 20250724063437.0
008 - DATOS DE LONGITUD FIJA--INFORMACIÓN GENERAL
campo de control de longitud fija 921227s1779 sp |||| | lat d
016 7# - NÚMERO DE CONTROL DE UNA AGENCIA BIBLIOGRÁFICA NACIONAL
Número de control del registro 158892
040 ## - FUENTE DE CATALOGACIÓN
Centro catalogador/agencia de origen CAM
Lengua de catalogación spa
080 ## - NÚMERO DE LA CLASIFICACIÓN DECIMAL UNIVERSAL
Número de la Clasificación Decimal Universal 34(37)
100 1# - ENTRADA PRINCIPAL--NOMBRE DE PERSONA
Nombre de persona Vinnius, Arnoldus,
Fechas asociadas al nombre 1588-1657
Término indicativo de función/relación Autor
9 (RLIN) 115335
245 10 - MENCIÓN DEL TÍTULO
Título Arnoldi Vinnii ... In quatuor libros institutionum imperialium commentarius academicus et forensis
250 ## - MENCION DE EDICION
Mención de edición Editio nova in usum hispaniae iuventutis adornata
260 ## - PUBLICACIÓN, DISTRIBUCIÓN, ETC.
Lugar de publicación, distribución, etc. Valentiae :
Nombre del editor, distribuidor, etc. apud Benedictum Monfort,
Fecha de publicación, distribución, etc. 1779.
300 ## - DESCRIPCIÓN FÍSICA
Extensión 2 volúmenes ([10], 612 ; [4], 496 páginas) ;
Dimensiones 26 cm
Otras características físicas
596 ## - NOTA AL PIE DE IMPRENTA
NOTA AL PIE DE IMPRENTA Marca tip. en port.
597 ## - NOTA DE DESCRIPCIÓN FÍSICA
NOTA DE DESCRIPCIÓN FÍSICA Sign. : [ ]5, A-Z4, 2A-2Z4, 3A-3Z4, 4A-4G4, 4H2 ; Sign.: [ ]2, A-Z4, 2A-2Z4, 3A-3Q4.
597 ## - NOTA DE DESCRIPCIÓN FÍSICA
NOTA DE DESCRIPCIÓN FÍSICA Anteportada en ambos volúmenes
597 ## - NOTA DE DESCRIPCIÓN FÍSICA
NOTA DE DESCRIPCIÓN FÍSICA Texto a dos columnas
630 #0 - PUNTO DE ACCESO ADICIONAL DE MATERIA--TÍTULO UNIFORME
9 (RLIN) 135269
Título uniforme Corpus juris civilis
650 #7 - PUNTO DE ACCESO ADICIONAL DE MATERIA--TÉRMINO DE MATERIA
Término de materia o nombre geográfico como elemento de entrada Derecho romano
Fuente del encabezamiento o término embne
9 (RLIN) 11764
740 02 - ENTRADA AGREGADA--TÍTULO RELACIONADO/ANALÍTICO NO CONTROLADO
Título relacionado o analítico no controlado Institutionum imperialium commentarius
852 ## - LOCALIZACIÓN
Ubicación ES-MaACL
Ubicación en estantería Depósito
Signatura antigua Olim: G-4496-97
Partes que faltan Vol. 1 falto de portada y de algunas páginas de preliminares
Marcas de propiedad Ex-libris ms. de Manuel Gallardo en v. 2
Número de control de estantería R-768-69
Encuadernación Pergamino
942 ## - ELEMENTOS DE ENTRADA SECUNDARIOS (KOHA)
Fuente del sistema de clasificación o colocación Clasificación decimal universal
Tipo de ítem Koha Libro impreso antiguo
Suprimir en OPAC No
Holdings
Estatus retirado Estado de pérdida Estado de daño No para préstamo Colección Biblioteca de origen Biblioteca actual Ubicación en estantería Fecha de adquisición Total de préstamos Signatura topográfica completa Código de barras Visto por última vez Precio de reemplazo Tipo de ítem Koha
        Libros del s. XVIII Biblioteca del Ateneo de Madrid Biblioteca del Ateneo de Madrid Depósito 17/01/2008   R-768-69 1175900 23/02/2023 23/02/2023 Libro impreso antiguo